| 000 | 00664nam a2200253Ia 4500 | ||
|---|---|---|---|
| 008 | 180523s9999 xx 000 0 und d | ||
| 020 | _a81-7179-835-7 | ||
| 050 | _aMAIN QP 34.5 | ||
| 050 | _b.B55 2001 | ||
| 100 | _aBijlani, R.L. | ||
| 245 | 0 | _aFundamentals of physiology : | |
| 245 | 2 | _ba texkbook for nursing students / | |
| 245 | 0 | _cR.L. Bijlani. | |
| 260 | _aNew Delhi : | ||
| 260 | _bJaypee Brothers Medical Publishers, | ||
| 260 | _c2001 | ||
| 300 | _a434 pages : | ||
| 300 | _billustrations ; | ||
| 300 | _c24 cm. | ||
| 500 | _aIncludes index. | ||
| 650 | _aHuman physiology. | ||
| 650 | _aPhsyiology. | ||
| 650 | _xMedical physiology. | ||
| 999 |
_c357578 _d357578 |
||